The rose tattoo

Guardat en:
Dades bibliogràfiques
Autor principal: Williams, Tennessee (Autor)
Format: Llibre
Idioma:anglès
Publicat: Harmondsworth Penguin Books 1958
Col·lecció:Penguin Plays
Matèries:
Etiquetes: Afegir etiqueta
Sense etiquetes, Sigues el primer a etiquetar aquest registre!

MARC

LEADER 00000nam a2200000 a 4500
001 UCR9971
003 CL-VaPUC
008 980619e19580000uk |||||||||||||||||eng|d
082 0 4 |a 812  |b WIL  |2 21 
100 0 |a Williams, Tennessee  |e author  |9 362698 
245 1 4 |a The rose tattoo 
246 1 0 |a Camino real 
300 |a 232 p 
942 |c BK 
945 |d 19980619 00:00:00  |a crobeson 
260 |a Harmondsworth  |b Penguin Books  |c 1958 
650 7 |a DRAMAS ESTADOUNIDENSES  |2 CL-VaPUC  |9 267218 
650 0 |a Literatura estadounidense  |9 317168 
583 |a last modification  |c 20171204 04:06:02  |k Rodrigo Vera 
490 0 |a Penguin Plays 
999 |c 271142  |d 271140 
952 |0 0  |1 0  |4 0  |6 812_000000000000000_WIL_1958  |7 0  |8 A  |9 305680  |a BIBEDU  |b BIBEDU  |d 2019-11-20  |i 1421816  |o 812 WIL 1958  |p 1421816  |r 2019-11-20  |w 2019-11-20  |y BK  |k LIT 
952 |0 0  |1 0  |4 0  |6 812_000000000000000_WIL_1958  |7 0  |8 A  |9 305681  |a BIBEDU  |b BIBEDU  |d 2019-11-20  |i 1424351  |o 812 WIL 1958  |p 1424351  |r 2019-11-20  |w 2019-11-20  |y BK  |k LIT 
952 |0 0  |1 0  |4 0  |6 812_000000000000000_WIL_1958  |7 0  |8 A  |9 305682  |a BIBEDU  |b BIBEDU  |d 2019-11-20  |i 142436K  |o 812 WIL 1958  |p 142436K  |r 2019-11-20  |w 2019-11-20  |y BK  |k LIT